Préfectures de France -Tapez la première lettre -Erreurs éliminatoires - Statistiques

Statistiques générales
  • Ce quiz a été pris 981 fois
  • Le résultat moyen est 29 sur 101
Réponses sur la Carte
Les réponses sont colorées sur une échelle allant du rouge au vert en fonction du pourcentage des utilisateurs qui les ont devinées à leur premier essai. Vous pouvez retrouver ces pourcentages ci-dessous.
 
Statistiques - réponses
Préfectures % Correct
Nantes
36%
Toulouse
36%
Ajaccio
34%
Arras
34%
Carcassonne
34%
Laon
34%
Saint-Denis
34%
Amiens
33%
Chambéry
33%
Versailles
33%
Avignon
32%
Bastia
32%
Besançon
32%
Bordeaux
32%
Chartres
32%
Clermont-Ferrand
32%
Lille
32%
Marseille
32%
Paris
32%
Rouen
32%
Saint-Brieuc
32%
Toulon
32%
Angoulême
31%
Aurillac
31%
Bourg en Bresse
31%
Caen
31%
Perpignan
31%
Valence
31%
Vannes
31%
Annecy
30%
Châlons-en-Champagne
30%
Colmar
30%
Évry-Courcouronnes
30%
Gap
30%
Grenoble
30%
La Rochelle
30%
Lons-le-Saunier
30%
Metz
30%
Nancy
30%
Orléans
30%
Pau
30%
Strasbourg
30%
Belfort
29%
Bobigny
29%
Guéret
29%
Le Mans
29%
Melun
29%
Mende
29%
Nice
29%
Périgueux
29%
Rennes
29%
Saint-Etienne
29%
Auch
28%
Blois
28%
Cayenne
28%
Cergy-Pontoise
28%
Châteauroux
28%
Epinal
28%
Foix
28%
Laval
28%
Limoges
28%
Lyon
28%
Mamoudzou
28%
Moulins
28%
Nîmes
28%
Niort
28%
Quimper
28%
Tulle
28%
Auxerre
27%
Bar-le-Duc
27%
Basse-Terre
27%
Beauvais
27%
Bourges
27%
Charleville Mézières
27%
Créteil
27%
Digne les bains
27%
Dijon
27%
Fort-de-France
27%
La-Roche-sur-Yon
27%
Mont-de-Marsan
27%
Rodez
27%
Saint-Lô
27%
Tours
27%
Troyes
27%
Agen
26%
Albi
26%
Alençon
26%
Evreux
26%
Le-Puy-en-Velay
26%
Montauban
26%
Montpellier
26%
Nanterre
26%
Poitiers
26%
Privas
26%
Chaumont
25%
Tarbes
25%
Vesoul
25%
Angers
24%
Mâcon
24%
Nevers
23%
Cahors
22%
Aucun quiz correspondant
Distribution des résultats
% des personnes avec chaque résultat
Percentile par nombre de réponses
Votre historique - résultats
Vous n’avez pas pris ce quiz